| 000 | 00687cam a2200217 a 4500 | ||
|---|---|---|---|
| 001 | 000008619 | ||
| 005 | 20200929161356.0 | ||
| 008 | 970227s1997 mx a 001 1 spa | ||
| 020 | _a9681903242 | ||
| 040 |
_aDO-SdBNP _bspa _dBNPHU |
||
| 082 |
_aC863.44 _bP438c |
||
| 100 | 1 |
_aPerez Reverte, Arturo. _923052 |
|
| 245 | 1 | 3 |
_aEl capitán Alatriste / _cArturo y Carlota Perez Reverte. |
| 260 |
_aMéxico : _bAlfaguara, _c1997. |
||
| 300 |
_a237 p. : _bil. ; _c24 cm. |
||
| 490 | 1 |
_aLas Aventuras del capitán Alatriste _v1 |
|
| 650 | 4 |
_aNovela colombiana _91243 |
|
| 650 | 4 |
_aLiteratura colombiana _91244 |
|
| 830 | 0 |
_aLas Aventuras del capitán Alatriste, _n1 _923053 |
|
| 910 | _aEn proceso | ||
| 999 |
_c8389 _d8389 |
||